00366nam a2200133Ia 4500008004100000020001500041041001200056082001600068100001500084245006800099260003900167300000800206650001800214221030s9999 xx 000 0 und d a9812358595 aEnglish a105.23bHal aR. H. Hall 0aOrganizations - Structures, Processes & Outcomescby R. H. Hall bPearson EdcuationaNew Delhic1999 a340 aBE Management